000 01271nam0a22002651 4500
001 rc\2734168
005 20230525175343.0
035 _a(NLR Aleph) 006861503
090 _a6852448
_c6852448
100 _a20110915d1937 |||y0rusy50 ca
101 0 _arus
102 _aRU
105 _ay z |||||
200 1 _aПриемы получения высоких урожаев кормовых корнеплодов
_fЕ. А. Зыкова
_gПод ред. акад. И. В. Якушкина
210 _aМосква
_cС.-х. акад. им. К. А. Тимирязева
_d1937
_g31 тип. [Мосполиграфа]
215 _a11 с.
_d22х15 см.
225 1 _aМатериалы Полевой опытной станции. Приложение к трудам Сельскохозяйственной академии имени К. А. Тимирязева
_fНар. ком. зем. СССР. С.-х. акад. им. К. А. Тимирязева
_vВып. 4
700 1 _aЗыкова
_bЕ. А.
_gЕвгения Алексеевна
702 1 _aЯкушкин
_bИ. В.
_f1885-1960
_gИван Вячеславович
_4570
801 0 _aRU
_bNLR
_gpsbo
801 1 _aRU
_bELAR
_2rusmarc
852 _aNLR
_j37-17/256-4
942 _cBOOK
980 _aNB